000 00459nam a2200133Ia 4500
005 20260209120136.0
008 260209s9999||||xx |||||||||||||| ||und||
100 _aArti Sharma
245 2 _aA critical analysis of competition law in sports entertainment
260 _aBangaloreBangalore
_bNLSIU
_c2016
300 _a77 p. ; 25 cm.
700 _aMr. Praveen Tripathi - GuideMr. Praveen Tripathi - Guide
856 _uhttps://dans.nls.ac.in/handle/123456789/1672
999 _c217250
_d217250